00525nam a2200181Ia 450000500170000000800410001704000190005804100120007708200150008910000240010424500790012826000420020730000170024950400220026665000200028870000250030885000100033320230503105620.0131103s9999 xx 000 0 und d aLoreto College aEnglish a823.8bREE aReed, Talbot Baines 4aThe cockhouse at fellsgarthcTalbot Baines Reed; Edited by Mohammad Akbar  aLondonboxford University Pressc1893 a156p.b ill. aIncludes glossary aEnglish fiction aAkbar, Mohammad; ed. aLCLIB